[Event "Catalunya-ch U20"]
[Site "Catalunya"]
[Date "2008.03.23"]
[Round "7"]
[White "Ivern Gual, Carles"]
[Black "Barbosa Rubies, Laia"]
[Result "1-0"]
[WhiteElo "1934"]
[BlackElo "1843"]
[PlyCount "53"]
[EventDate "2008.03.19"]
[EventType "swiss"]
[EventRounds "9"]
[EventCountry "ESP"]
[SourceTitle "EXT 2010"]
[Source "ChessBase"]
[SourceDate "2010.11.25"]
[SourceVersion "1"]
[SourceVersionDate "2010.11.25"]
[SourceQuality "1"]

1. e4 e6 2. d3 d5 3. Nd2 c5 4. Ngf3 Nf6 5. g3 Nc6 6. Bg2 Bd6 7. 0-0 0-0 8. Re1 Bc7 9. h3 b6 10. Nf1 dxe4 11. Ng5 Ba6 12. Nxe4 Nd5 13. Ne3 Rc8 14. Qh5 Nd4 15. Qd1 f5 16. Nxd5 exd5 17. Bg5 Qd7 18. Nc3 Bb7 19. Re7 Qd6 20. Re1 Ne6 21. Bd2 f4 22. Qg4 Nd4 23. Bxf4 Qf6 24. Bxd5+ Bxd5 25. Nxd5 Qf7 26. Re7 Qg6 27. Qxg6 1-0

[Event "Catalunya-ch U20"]
[Site "Catalunya"]
[Date "2008.03.22"]
[Round "6"]
[White "Sanchez Ibern, Marc"]
[Black "Ivern Gual, Carles"]
[Result "1-0"]
[WhiteElo "2144"]
[BlackElo "1934"]
[PlyCount "81"]
[EventDate "2008.03.19"]
[EventType "swiss"]
[EventRounds "9"]
[EventCountry "ESP"]
[SourceTitle "EXT 2010"]
[Source "ChessBase"]
[SourceDate "2010.11.25"]
[SourceVersion "1"]
[SourceVersionDate "2010.11.25"]
[SourceQuality "1"]

1. e4 c5 2. Nf3 Nc6 3. Nc3 e5 4. Bc4 Be7 5. d3 d6 6. Nd2 Nd4 7. Nf1 Be6 8. Ne3 Bxc4 9. dxc4 Nf6 10. 0-0 0-0 11. Qd3 a6 12. a4 Nh5 13. Nf5 Bg5 14. Nd5 g6 15. Nxd4 Bxc1 16. Raxc1 cxd4 17. f4 Nxf4 18. Nxf4 exf4 19. Rxf4 Qb6 20. b3 Qc5 21. Rd1 b5 22. axb5 axb5 23. cxb5 Ra2 24. Rf2 Rc8 25. Rc1 Ra5 26. Rd1 Ra2 27. h3 h5 28. Rfd2 Kf8 29. Rf2 Rxc2 30. Rxc2 Qxc2 31. Qxc2 Rxc2 32. Rxd4 Rc5 33. Rb4 Ke7 34. b6 Rc8 35. b7 Rb8 36. Kf2 Kd7 37. Ke3 Kc7 38. Kd4 Rxb7 39. Rxb7+ Kxb7 40. Kd5 Kc7 41. e5 1-0

[Event "Catalunya-ch U20"]
[Site "Catalunya"]
[Date "2008.03.19"]
[Round "1"]
[White "Ivern Gual, Carles"]
[Black "Vila Gazquez, Xavier"]
[Result "0-1"]
[WhiteElo "1934"]
[BlackElo "2418"]
[PlyCount "200"]
[EventDate "2008.03.19"]
[EventType "swiss"]
[EventRounds "9"]
[EventCountry "ESP"]
[SourceTitle "EXT 2010"]
[Source "ChessBase"]
[SourceDate "2010.11.25"]
[SourceVersion "1"]
[SourceVersionDate "2010.11.25"]
[SourceQuality "1"]

1. e4 c5 2. Nf3 e6 3. d3 Nc6 4. g3 d5 5. Nbd2 Bd6 6. Bg2 Nge7 7. 0-0 Bc7 8. Re1 0-0 9. Nf1 b5 10. h4 d4 11. e5 Bb7 12. h5 Rc8 13. h6 g6 14. Bg5 Ba5 15. N3d2 Qc7 16. Nh2 Nb4 17. Bxb7 Qxb7 18. Ne4 Rb8 19. Ng4 Nbd5 20. Rf1 Bd8 21. Nxc5 Qc6 22. Ne4 Nf5 23. Bxd8 Rfxd8 24. Qd2 Qc7 25. Nef6+ Nxf6 26. Nxf6+ Kh8 27. Rfe1 Qc5 28. g4 Nh4 29. Qf4 g5 30. Qe4 Ng6 31. Nh5 Qd5 32. Kg2 Rbc8 33. Rac1 Qxe4+ 34. Rxe4 Rc5 35. f4 gxf4 36. Nxf4 Kg8 37. Nxg6 fxg6 38. Kf3 Kf7 39. Rf4+ Ke7 40. Re4 b4 41. Kg3 g5 42. Re2 Rdd5 43. Rce1 a5 44. b3 Rd7 45. Rh1 Rdd5 46. Rhe1 Rd8 47. Rf1 Rdc8 48. Rff2 Rg8 49. Rh2 Rcc8 50. Re4 Rcd8 51. Rh1 Rg6 52. Re2 Rgg8 53. Rhh2 Rd7 54. Rhf2 Rd5 55. Rf1 Rc8 56. Rh1 Rdc5 57. Rhh2 a4 58. Rhg2 a3 59. Rh2 Rd5 60. Rh5 Rg8 61. Re4 Kd7 62. Re2 Kc6 63. Rhh2 Rd7 64. Ref2 Kd5 65. Re2 Rf8 66. Rh5 Rg8 67. Rhh2 Rf7 68. Rhf2 Rgf8 69. Rxf7 Rxf7 70. Kg2 Rf4 71. Kg3 Rf1 72. Kg2 Ra1 73. Rf2 Kxe5 74. Rf7 Rxa2 75. Rxh7 Rxc2+ 76. Kg3 Rc1 77. Ra7 Rh1 78. h7 Kf6 79. Kf3 Rh4 80. Rb7 a2 81. Ra7 Rxh7 82. Rxa2 Rh3+ 83. Ke4 Rg3 84. Rf2+ Ke7 85. Kxd4 Rxg4+ 86. Kc5 Rf4 87. Rg2 g4 88. d4 Kf6 89. Kxb4 Rxd4+ 90. Kc5 e5 91. b4 Kf5 92. b5 Rd8 93. Rf2+ Ke4 94. b6 g3 95. Re2+ Kf4 96. b7 e4 97. Rd2 Rb8 98. Rd7 g2 99. Rg7 Rxb7 100. Rxg2 e3 0-1

[Event "Benidorm op 20th"]
[Site "Benidorm"]
[Date "2007.04.23"]
[Round "1"]
[White "Ivern Gual, Carles"]
[Black "Narciso Dublan, Marc"]
[Result "0-1"]
[WhiteElo "1935"]
[BlackElo "2539"]
[PlyCount "44"]
[EventDate "2007.04.23"]
[EventType "swiss"]
[EventRounds "10"]
[EventCountry "ESP"]
[SourceTitle "CBM 118 Extra"]
[Source "ChessBase"]
[SourceDate "2007.07.04"]
[SourceVersion "1"]
[SourceVersionDate "2007.07.04"]
[SourceQuality "1"]

1. e4 g6 2. d4 Bg7 3. Nc3 d6 4. Be3 a6 5. f3 b5 6. a3 Nd7 7. Qd2 Bb7 8. g4 h5 9. g5 e6 10. h4 Ne7 11. Bh3 c5 12. Nce2 d5 13. Ng3 cxd4 14. Bxd4 Ne5 15. b3 dxe4 16. fxe4 N7c6 17. c3 Nxd4 18. cxd4 Nc6 19. N1e2 Nxd4 20. Nxd4 Qxd4 21. Qxd4 Bxd4 22. Rd1 Be5 0-1